000 00691nam a2200193 a 4500
003 0
005 20250404134946.0
008 071126s19uu xx 00 eng d
050 _aPHS BF 723.B5
_b.S26 2007
100 _aSantos, Lawrence L.
245 _aThe effect of being a middle child on one's interpersonal skills /
_cLawrence L. Santos.
260 _aLas PiƱas City, Philippines :
_bSouthville International School and Colleges,
_c2007.
300 _a26 pages ;
_c28 cm.
504 _aIncludes bibliographical references.
650 _aMiddle-born children
_xPsychology.
650 _aBirth order
_xPsychological aspects.
650 _aInterpersonal relations.
942 _2lcc
_cPASS
999 _c97882
_d97882